Maggior numero di Vittorie al Gran Premio del Brasile - Statistics

Statistiche generali
  • Questo quiz è stato fatto 4 volte
  • Il punteggio medio è 10 su 14
Statistiche sulle risposte
Numero vittorie Stagioni delle vittorie Pilota % Corretto
6 1982, 1984, 1985, 1987, 1988, 1990 Alain Prost
100%
2 1991, 1993 Ayrton Senna
100%
2 2016, 2018 Lewis Hamilton
100%
4 1994, 1995, 2000, 2002 Michael Schumacher
100%
2 1983, 1986 Nelson Piquet
100%
2 2014, 2015 Nico Rosberg
100%
3 2010, 2013, 2017 Sebastian Vettel
100%
2 2006, 2008 Felipe Massa
75%
2 1989, 1992 Nigel Mansell
75%
2 1973, 1974 Emerson Fittipaldi
50%
2 1998, 1999 Mika Häkkinen
50%
3 1977, 1978, 1981 Carlos Reutemann
25%
2 2004, 2005 Juan Pablo Montoya
25%
2 2009, 2011 Mark Webber
25%
Nessun quiz corrispondente trovato
Distribuzione punteggi
Percentuale di utenti per punteggio
Percentile per numero di risposta
I tuoi punteggi nel tempo
Non hai fatto questo quiz